| 000 | 01136cam a22003614a 4500 | ||
|---|---|---|---|
| 999 |
_c2297 _d2297 |
||
| 003 | ALUPE UNIVERSITY | ||
| 005 | 20210708064937.0 | ||
| 008 | 070822s2008 oncac b 001 0 eng | ||
| 020 | _a9780132340663 | ||
| 020 | _a0132340666 | ||
| 040 | _cALUPE UNIVERSITY | ||
| 042 | _apcc | ||
| 043 | _an-cn--- | ||
| 050 |
_aRT 98 _b.C64 2008 |
||
| 055 | 0 |
_aRT98 _bC644 2008 |
|
| 060 | 0 | 0 | _a2008 D-733 |
| 060 | 1 | 0 |
_aWY 106 _bC734285 2008 |
| 090 | _a610.7343 COM | ||
| 090 | _a610.7343 C573 | ||
| 245 | 0 | 0 |
_aCommunity health nursing : _ba Canadian perspective / _cedited by Lynnette Leeseberg Stamler and Lucia Yiu. |
| 250 | _aSecond edition | ||
| 260 |
_aToronto : _bPearson Prentice Hall, _cc2008. |
||
| 300 |
_axx, 444 pages : _billustrations, portraits |
||
| 336 |
_atext _btxt _2rdacontent |
||
| 337 |
_aunmediated _bn _2rdamedia |
||
| 338 |
_avolume _bnc _2rdacarrier |
||
| 504 | _aIncludes bibliographical references and index. | ||
| 650 | 0 |
_aCommunity health nursing _zCanada _vTextbooks. |
|
| 700 | 1 |
_aStamler, Lynnette Leeseberg, _d1952- |
|
| 700 | 1 |
_aYiu, Lucia, _d1951- |
|
| 910 | _aCanadian | ||
| 942 |
_2lcc _cBK _nPW |
||